Novos poemas / (Record no. 121070)

MARC details
000 -LEADER
campo de control de longitud fija 00545nam a2200181 4500
001 - NÚMERO DE CONTROL
campo de control 121070
003 - IDENTIFICADOR DE NÚMERO DE CONTROL
campo de control ES-MaACL
005 - FECHA Y HORA DE LA ÚLTIMA TRANSACCIÓN
campo de control 20250724063411.0
007 - CAMPO FIJO DE DESCRIPCIÓN FÍSICA--INFORMACIÓN GENERAL
campo de control de longitud fija t|
008 - DATOS DE LONGITUD FIJA--INFORMACIÓN GENERAL
campo de control de longitud fija 070214s1971 sp r ||||1| gao d
100 1# - ENTRADA PRINCIPAL--NOMBRE DE PERSONA
Nombre de persona Pondal, Eduardo,
Fechas asociadas al nombre 1835-1917
9 (RLIN) 92970
245 10 - MENCIÓN DEL TÍTULO
Título Novos poemas /
Mención de responsabilidad, etc. Eduardo Pondal ; limiar, trascrición e notas de Amado Ricón.
260 ## - PUBLICACIÓN, DISTRIBUCIÓN, ETC.
Lugar de publicación, distribución, etc. Vigo :
Nombre del editor, distribuidor, etc. Galaxia,
Fecha de publicación, distribución, etc. 1971.
300 ## - DESCRIPCIÓN FÍSICA
Extensión XXII, 184 p. ;
Dimensiones 23 cm.
700 1# - ENTRADA AGREGADA--NOMBRE PERSONAL
Nombre de persona Ricón, Amado.
9 (RLIN) 97044
852 ## - LOCALIZACIÓN
Ubicación ES-MaACL
Número de control de estantería C-39081
Sublocalización o colección R.79316
Holdings
Estatus retirado Estado de pérdida Estado de daño No para préstamo Biblioteca de origen Biblioteca actual Ubicación en estantería Fecha de adquisición Fuente de adquisición Total de préstamos Signatura topográfica completa Código de barras Visto por última vez Precio de reemplazo Tipo de ítem Koha
        Biblioteca del Ateneo de Madrid Biblioteca del Ateneo de Madrid Depósito 2 17/01/2008     C-39081 1126182 23/02/2023 23/02/2023 Libro impreso